[Event "IND-ch Women 2019"]
[Site "Karaikkudi"]
[Date "2019.07.20"]
[Round "3.19"]
[White "Pratyusha, Bodda"]
[Black "Panda Miracle"]
[Result "1-0"]
[WhiteElo "2265"]
[BlackElo "1605"]
[Annotator "NA"]
[PlyCount "83"]
[EventDate "2019.07.19"]
[EventType "swiss"]
[EventCountry "IND"]
[SourceTitle "playchess.com"]
[Source "ChessBase"]
[SourceQuality "1"]
[TimeControl "40/5400+30:1800+30"]

1. d4 {[%emt 0:00:00]} Nf6 {[%emt 0:00:25]} 2. c4 {[%emt 0:00:00]} e6 {[%emt 0:00:45]} 3. Nc3 {[%emt 0:00:00]} Bb4 {[%emt 0:00:07]} 4. e3 {[%emt 0:00:00]} b6 {[%emt 0:00:26]} 5. Nf3 {[%emt 0:00:28]} Bb7 {[%emt 0:00:18]} 6. Bd3 {[%emt 0:00:10]} O-O {[%emt 0:00:15]} 7. Bd2 {[%emt 0:00:10]} c5 {[%emt 0:02:53]} 8. a3 {[%emt 0:00:30]} Ba5 {[%emt 0:07:55]} 9. O-O {[%emt 0:00:51]} d5 {[%emt 0:02:48]} 10. cxd5 {[%emt 0:01:20]} Nxd5 {[%emt 0:16:11]} 11. Nxd5 {[%emt 0:07:22]} Bxd2 {[%emt 0:00:33]} 12. Nf4 {[%emt 0:00:17]} Ba5 {[%emt 0:15:13]} 13. Qb1 {[%emt 0:01:42]} Bxf3 {[%emt 0:10:50]} 14. gxf3 {[%emt 0:00:24]} Nc6 {[%emt 0:08:59]} 15. Bxh7+ {[%emt 0:01:02]} Kh8 {[%emt 0:00:22]} 16. Be4 {[%emt 0:00:08]} Rc8 {[%emt 0:04:00]} 17. Bxc6 {[%emt 0:00:47]} Rxc6 {[%emt 0:01:03]} 18. b4 {[%emt 0:00:20]} e5 {[%emt 0:01:05]} 19. dxe5 {[%emt 0:02:09]} Rh6 {[%emt 0:02:52]} 20. Rd1 {[%emt 0:05:52]} Qg5+ {[%emt 0:00:13]} 21. Kf1 {[%emt 0:00:11]} Rxh2 {[%emt 0:00:30]} 22. Ke2 {[%emt 0:01:20]} Qh4 {[%emt 0:00:40]} 23. Rf1 {[%emt 0:00:36]} g5 {[%emt 0:01:59]} 24. Nd5 {[%emt 0:02:21]} Qc4+ {[%emt 0:04:18]} 25. Qd3 {[%emt 0:01:23]} Qxd3+ {[%emt 0:00:05]} 26. Kxd3 {[%emt 0:00:03]} Rd8 {[%emt 0:00:18]} 27. Ke4 {[%emt 0:00:32]} Rh4+ {[%emt 0:00:27]} 28. f4 {[%emt 0:00:17]} gxf4 {[%emt 0:00:57]} 29. Rh1 {[%emt 0:00:26]} Rxh1 {[%emt 0:00:42]} 30. Rxh1+ {[%emt 0:00:03]} Kg7 {[%emt 0:00:21]} 31. bxa5 {[%emt 0:00:04]} bxa5 {[%emt 0:00:52]} 32. exf4 {[%emt 0:00:11]} Rh8 {[%emt 0:02:47]} 33. Rxh8 {[%emt 0:00:07]} Kxh8 {[%emt 0:00:01]} 34. f5 {[%emt 0:00:05]} Kg7 {[%emt 0:00:44]} 35. e6 {[%emt 0:00:03]} f6 {[%emt 0:01:04]} 36. Nc7 {[%emt 0:00:19]} Kf8 {[%emt 0:00:26]} 37. Kd5 {[%emt 0:00:03]} Ke7 {[%emt 0:00:06]} 38. Kxc5 {[%emt 0:00:03]} a4 {[%emt 0:00:13]} 39. Nd5+ {[%emt 0:00:02]} Kf8 {[%emt 0:00:19]} 40. Nxf6 {[%emt 0:00:00]} Ke7 {[%emt 0:00:00]} 41. Nd5+ {[%emt 0:00:06]} Ke8 {[%emt 0:00:42]} 42. f6 {[%emt 0:00:02]} 1-0

[Event "IND-ch Women 2019"]
[Site "Karaikkudi"]
[Date "2019.07.20"]
[Round "3.20"]
[White "Aishwarya"]
[Black "Swati Ghate"]
[Result "0-1"]
[WhiteElo "1607"]
[BlackElo "2192"]
[Annotator "NA"]
[PlyCount "104"]
[EventDate "2019.07.19"]
[EventType "swiss"]
[EventCountry "IND"]
[SourceTitle "playchess.com"]
[Source "ChessBase"]
[SourceQuality "1"]
[TimeControl "40/5400+30:1800+30"]

1. e4 {[%emt 0:00:00]} c5 {[%emt 0:01:35]} 2. Nf3 {[%emt 0:00:00]} e6 {[%emt 0:00:09]} 3. d4 {[%emt 0:00:00]} cxd4 {[%emt 0:00:12]} 4. Nxd4 {[%emt 0:00:05]} Nc6 {[%emt 0:00:11]} 5. Nc3 {[%emt 0:00:40]} Qc7 {[%emt 0:00:11]} 6. a3 {[%emt 0:01:47]} a6 {[%emt 0:03:21]} 7. g3 {[%emt 0:01:24]} Nf6 {[%emt 0:03:07]} 8. Bg2 {[%emt 0:00:26]} Be7 {[%emt 0:04:54]} 9. Be3 {[%emt 0:01:23]} d6 {[%emt 0:01:55]} 10. O-O {[%emt 0:00:41]} Bd7 {[%emt 0:02:28]} 11. Nb3 {[%emt 0:01:25]} Ne5 {[%emt 0:05:20]} 12. Nd2 {[%emt 0:08:52]} Neg4 {[%emt 0:14:55]} 13. Bg5 {[%emt 0:02:01]} h6 {[%emt 0:00:27]} 14. Bxf6 {[%emt 0:00:26]} Nxf6 {[%emt 0:00:10]} 15. Re1 {[%emt 0:01:50]} O-O {[%emt 0:00:55]} 16. Qe2 {[%emt 0:04:16]} Rac8 {[%emt 0:03:45]} 17. Rad1 {[%emt 0:01:43]} Rfd8 {[%emt 0:03:45]} 18. Nf3 {[%emt 0:01:50]} Be8 {[%emt 0:08:13]} 19. Rd2 {[%emt 0:01:31]} b5 {[%emt 0:02:51]} 20. Nd4 {[%emt 0:05:24]} Nd7 {[%emt 0:03:17]} 21. Ndxb5 {[%emt 0:08:09]} axb5 {[%emt 0:00:28]} 22. Nxb5 {[%emt 0:00:04]} Qb6 {[%emt 0:03:21]} 23. b3 {[%emt 0:03:55]} Nc5 {[%emt 0:03:09]} 24. Nd4 {[%emt 0:00:34]} Bg5 {[%emt 0:02:48]} 25. Rdd1 {[%emt 0:01:34]} Bf6 {[%emt 0:03:08]} 26. Qd2 {[%emt 0:04:48]} Na6 {[%emt 0:11:41]} 27. Re2 {[%emt 0:01:42]} Qc5 {[%emt 0:01:19]} 28. a4 {[%emt 0:05:21]} Nb4 {[%emt 0:03:17]} 29. c4 {[%emt 0:00:15]} Bxd4 {[%emt 0:00:57]} 30. Qxd4 {[%emt 0:00:10]} Qxd4 {[%emt 0:00:04]} 31. Rxd4 {[%emt 0:00:11]} e5 {[%emt 0:00:06]} 32. Rd1 {[%emt 0:00:41]} Nc6 {[%emt 0:00:14]} 33. Rb2 {[%emt 0:05:02]} Rb8 {[%emt 0:01:49]} 34. Ra1 {[%emt 0:01:44]} Rb4 {[%emt 0:01:30]} 35. a5 {[%emt 0:00:43]} Ra8 {[%emt 0:00:20]} 36. a6 {[%emt 0:01:14]} Nd4 {[%emt 0:01:00]} 37. Ra3 {[%emt 0:09:43]} Bc6 {[%emt 0:01:03]} 38. f3 {[%emt 0:00:39]} Rb6 {[%emt 0:01:25]} 39. a7 {[%emt 0:03:03]} Rb7 {[%emt 0:00:08]} 40. Rba2 {[%emt 0:00:00]} Rxb3 {[%emt 0:00:00]} 41. Ra6 {[%emt 0:07:50]} Kf8 {[%emt 0:02:54]} 42. f4 {[%emt 0:00:36]} f6 {[%emt 0:00:53]} 43. Bh3 {[%emt 0:02:13]} Ke7 {[%emt 0:00:15]} 44. fxe5 {[%emt 0:01:11]} fxe5 {[%emt 0:00:41]} 45. Kf2 {[%emt 0:02:49]} Bxe4 {[%emt 0:03:56]} 46. Bg2 {[%emt 0:00:34]} Rf8+ {[%emt 0:01:18]} 47. Ke1 {[%emt 0:00:01]} Bxg2 {[%emt 0:00:52]} 48. Rxg2 {[%emt 0:01:14]} Rb1+ {[%emt 0:00:59]} 49. Kd2 {[%emt 0:00:11]} Rb2+ {[%emt 0:00:27]} 50. Kc3 {[%emt 0:00:14]} Rxg2 {[%emt 0:00:15]} 51. a8=Q {[%emt 0:00:21]} Rxa8 {[%emt 0:00:06]} 52. Rxa8 {[%emt 0:00:06]} Rxh2 {[%emt 0:01:05]} 0-1

[Event "IND-ch Women 2019"]
[Site "Karaikkudi"]
[Date "2019.07.20"]
[Round "3.21"]
[White "Sharma Isha"]
[Black "Renganayaki V"]
[Result "1-0"]
[WhiteElo "2188"]
[BlackElo "1583"]
[Annotator "NA"]
[PlyCount "72"]
[EventDate "2019.07.19"]
[EventType "swiss"]
[EventCountry "IND"]
[SourceTitle "playchess.com"]
[Source "ChessBase"]
[SourceQuality "1"]
[TimeControl "40/5400+30:1800+30"]

1. e4 {[%emt 0:00:00]} c5 {[%emt 0:00:18]} 2. Nf3 {[%emt 0:00:00]} g6 {[%emt 0:00:05]} 3. c3 {[%emt 0:00:00]} Bg7 {[%emt 0:00:36]} 4. d4 {[%emt 0:00:00]} cxd4 {[%emt 0:00:05]} 5. cxd4 {[%emt 0:00:00]} d5 {[%emt 0:00:07]} 6. e5 {[%emt 0:00:00]} Bg4 {[%emt 0:00:07]} 7. Bb5+ {[%emt 0:00:24]} Nd7 {[%emt 0:00:06]} 8. Nc3 {[%emt 0:03:25]} e6 {[%emt 0:01:07]} 9. h3 {[%emt 0:00:17]} Bxf3 {[%emt 0:00:52]} 10. Qxf3 {[%emt 0:00:06]} Ne7 {[%emt 0:00:58]} 11. O-O {[%emt 0:02:32]} Nf5 {[%emt 0:01:49]} 12. Rd1 {[%emt 0:01:17]} O-O {[%emt 0:01:06]} 13. g4 {[%emt 0:03:50]} Nxd4 {[%emt 0:14:37]} 14. Rxd4 {[%emt 0:00:08]} Nxe5 {[%emt 0:00:03]} 15. Qg3 {[%emt 0:00:11]} Nf3+ {[%emt 0:00:52]} 16. Qxf3 {[%emt 0:00:06]} Bxd4 {[%emt 0:00:03]} 17. Bh6 {[%emt 0:00:49]} Bg7 {[%emt 0:00:07]} 18. Bxg7 {[%emt 0:00:33]} Kxg7 {[%emt 0:00:05]} 19. Rd1 {[%emt 0:02:10]} a6 {[%emt 0:04:26]} 20. Bf1 {[%emt 0:01:19]} Qf6 {[%emt 0:04:27]} 21. Qe3 {[%emt 0:00:40]} h6 {[%emt 0:03:24]} 22. f4 {[%emt 0:00:09]} Rad8 {[%emt 0:07:57]} 23. g5 {[%emt 0:00:47]} hxg5 {[%emt 0:07:37]} 24. fxg5 {[%emt 0:00:04]} Qf5 {[%emt 0:04:58]} 25. Rd4 {[%emt 0:14:33]} f6 {[%emt 0:25:32]} 26. gxf6+ {[%emt 0:04:02]} Qxf6 {[%emt 0:00:26]} 27. Bg2 {[%emt 0:00:29]} Rf7 {[%emt 0:07:02]} 28. a3 {[%emt 0:05:59]} Rdf8 {[%emt 0:02:58]} 29. Rd2 {[%emt 0:01:11]} Qf4 {[%emt 0:09:10]} 30. Qe1 {[%emt 0:00:13]} d4 {[%emt 0:02:39]} 31. Ne4 {[%emt 0:00:46]} Qe3+ {[%emt 0:01:17]} 32. Qxe3 {[%emt 0:00:10]} dxe3 {[%emt 0:00:01]} 33. Re2 {[%emt 0:00:07]} Rc8 {[%emt 0:00:54]} 34. Rxe3 {[%emt 0:00:25]} Rc2 {[%emt 0:00:17]} 35. b4 {[%emt 0:00:09]} Rd7 {[%emt 0:00:49]} 36. Kh2 {[%emt 0:01:04]} b6 {[%emt 0:01:03]} 1-0

[Event "IND-ch Women 2019"]
[Site "Karaikkudi"]
[Date "2019.07.21"]
[Round "4.1"]
[White "Thipsay, Bagyashree Sathe"]
[Black "Kulkarni Bhakti"]
[Result "0-1"]
[WhiteElo "2093"]
[BlackElo "2388"]
[Annotator "NA"]
[PlyCount "88"]
[EventDate "2019.07.19"]
[EventType "swiss"]
[EventCountry "IND"]
[SourceTitle "playchess.com"]
[Source "ChessBase"]
[SourceQuality "1"]
[TimeControl "40/5400+30:1800+30"]

1. e4 {[%emt 0:00:00]} e5 {[%emt 0:00:52]} 2. Nf3 {[%emt 0:00:00]} Nc6 {[%emt 0:00:28]} 3. Bc4 {[%emt 0:00:00]} Bc5 {[%emt 0:00:31]} 4. c3 {[%emt 0:01:12]} Nf6 {[%emt 0:00:26]} 5. d3 {[%emt 0:00:06]} a6 {[%emt 0:00:29]} 6. Bb3 {[%emt 0:00:50]} Ba7 {[%emt 0:00:46]} 7. Nbd2 {[%emt 0:04:52]} d6 {[%emt 0:01:36]} 8. Nf1 {[%emt 0:01:58]} h6 {[%emt 0:15:53]} 9. Ng3 {[%emt 0:02:56]} O-O {[%emt 0:06:14]} 10. O-O {[%emt 0:02:48]} Be6 {[%emt 0:01:52] C54: Giuoco Piano: 4 c3 Nf6, main lines with 5 d4 and 5 d3} 11. Bc2 {[%emt 0:12:36]} d5 {[%emt 0:06:19]} (11... Ne7 12. h3 Ng6 13. d4 Qc8 14. Re1 Rd8 15. Bd2 {½-½ (64) Dominguez Perez,L (2750)-Jones,G (2702) Hengshui 2019}) 12. Qe2 {[%emt 0:03:20]} Re8 {[%emt 0:02:01]} 13. h3 {[%emt 0:04:44]} Qe7 {[%emt 0:13:14]} 14. Nh2 $146 {[%emt 0:12:02]} ({Predecessor:} 14. Nh4 dxe4 15. dxe4 {1-0 (41) Kleman,M (2260)-Frindt,K (2222) Bratislava 2010}) 14... dxe4 {[%emt 0:04:55]} 15. dxe4 {[%emt 0:03:48]} Rad8 {[%emt 0:07:40]} 16. Ng4 {[%emt 0:01:50]} Nxg4 {[%emt 0:01:56]} 17. hxg4 {[%emt 0:00:14]} g6 {[%emt 0:02:14] [#]} 18. Re1 $2 {[%emt 0:06:27]} (18. Nf5 $1 $11 {[%mdl 512]} gxf5 19. gxf5) 18... Qh4 {[%emt 0:00:43]} 19. Be3 {[%emt 0:00:34]} Bxg4 {[%emt 0:01:24]} 20. Qf1 {[%emt 0:01:53]} Bxe3 {[%emt 0:00:38]} 21. Rxe3 {[%emt 0:00:02]} Rd2 {[%emt 0:01:17]} 22. Rc1 {[%emt 0:00:04]} Red8 {[%emt 0:00:23]} 23. b4 {[%emt 0:00:51]} Be6 {[%emt 0:03:58]} 24. a4 {[%emt 0:03:37]} Qe7 {[%emt 0:01:09]} 25. Qe1 $17 {[%emt 0:00:51]} Qd7 {[%emt 0:07:41]} 26. Nf1 {[%emt 0:01:07]} Rd6 {[%emt 0:18:21]} 27. Rg3 {[%emt 0:00:53]} Ne7 {[%emt 0:00:00]} 28. Nh2 {[%emt 0:06:33]} Kh7 {[%emt 0:00:00]} 29. Qe3 {[%emt 0:00:59]} g5 {[%emt 0:00:00]} 30. Rf3 {[%emt 0:11:20]} Ng6 {[%emt 0:00:00]} 31. g3 {[%emt 0:00:03]} Kg7 {[%emt 0:00:00]} 32. Qe1 {[%emt 0:00:57]} Qc8 {[%emt 0:00:00]} 33. Re3 {[%emt 0:01:22]} c5 {[%emt 0:00:00]} 34. b5 {[%emt 0:05:21]} axb5 {[%emt 0:00:00]} 35. axb5 {[%emt 0:00:01]} Bc4 {[%emt 0:00:00]} 36. Rb1 {[%emt 0:01:38]} Rd2 {[%emt 0:00:00]} 37. Bd1 {[%emt 0:00:45]} Bxb5 {[%emt 0:00:00]} 38. Bg4 {[%emt 0:00:35]} Qc6 {[%emt 0:00:00]} 39. Nf3 {[%emt 0:03:08]} Ra2 {[%emt 0:00:00]} 40. Bf5 {[%emt 0:00:00]} f6 {[%emt 0:00:00]} 41. Rd1 {[%emt 0:05:38]} Rd6 {[%emt 0:05:44]} 42. Kg2 {[%emt 0:02:30]} Ne7 {[%emt 0:03:30]} 43. Bg4 {[%emt 0:03:20]} Bc4 {[%emt 0:02:33]} 44. Ra1 {[%emt 0:01:37]} Qa4 {[%emt 0:02:47]} 0-1

[Event "IND-ch Women 2019"]
[Site "Karaikkudi"]
[Date "2019.07.21"]
[Round "4.2"]
[White "Nandhidhaa, P V"]
[Black "Vantika Agrawal"]
[Result "0-1"]
[WhiteElo "2259"]
[BlackElo "2243"]
[Annotator "NA"]
[PlyCount "82"]
[EventDate "2019.07.19"]
[EventType "swiss"]
[EventCountry "IND"]
[SourceTitle "playchess.com"]
[Source "ChessBase"]
[SourceQuality "1"]
[TimeControl "40/5400+30:1800+30"]

1. e4 {[%emt 0:00:00]} c5 {[%emt 0:00:00]} 2. Nf3 {[%emt 0:00:00]} Nc6 {[%emt 0:00:00]} 3. Bb5 {[%emt 0:00:00]} g6 {[%emt 0:00:17]} 4. Bxc6 {[%emt 0:00:00]} bxc6 {[%emt 0:00:16]} 5. O-O {[%emt 0:00:24]} Bg7 {[%emt 0:00:04]} 6. Re1 {[%emt 0:00:39]} Nh6 {[%emt 0:00:14]} 7. c3 {[%emt 0:00:25]} O-O {[%emt 0:00:09]} 8. d4 {[%emt 0:00:07]} cxd4 {[%emt 0:00:41]} 9. cxd4 {[%emt 0:00:06]} d5 {[%emt 0:00:18]} 10. e5 {[%emt 0:00:35] B31: Sicilian: 2...Nc6 3 Bb5 g6} f6 {[%emt 0:04:15]} 11. exf6 {[%emt 0:00:41]} exf6 {[%emt 0:00:16]} 12. h3 {[%emt 0:01:12]} Nf7 {[%emt 0:01:55]} 13. Nc3 {[%emt 0:00:48]} g5 {[%emt 0:09:54]} 14. b3 {[%emt 0:05:21]} Bf5 $146 {[%emt 0:04:22]} ({Predecessor:} 14... Qa5 15. Na4 Bf5 16. Qd2 Qxd2 17. Bxd2 Be4 {½-½ (44) Sjugirov,S (2610)-Alekseenko,K (2367) Sochi 2012}) 15. Na4 {[%emt 0:06:53]} Re8 {[%emt 0:04:24]} 16. Ba3 {[%emt 0:05:08]} Qc7 {[%emt 0:08:26]} 17. Rc1 {[%emt 0:07:30]} Nd6 {[%emt 0:02:43]} 18. Bxd6 {[%emt 0:07:10]} Qxd6 {[%emt 0:00:32]} 19. Nc5 {[%emt 0:03:51]} Qf4 {[%emt 0:22:29]} 20. Qd2 {[%emt 0:05:58]} Qxd2 {[%emt 0:01:42]} 21. Nxd2 {[%emt 0:00:01]} Bf8 {[%emt 0:03:22]} 22. g4 {[%emt 0:10:04]} Bg6 {[%emt 0:01:51]} 23. Nf3 {[%emt 0:03:21]} Kf7 $11 {[%emt 0:14:23]} 24. Nd7 {[%emt 0:13:02]} Rxe1+ {[%emt 0:01:16]} 25. Nxe1 {[%emt 0:01:33]} Bb4 {[%emt 0:01:10]} 26. Nc5 {[%emt 0:05:04]} Re8 {[%emt 0:01:46]} 27. Kf1 {[%emt 0:06:23]} Bd2 {[%emt 0:02:11]} 28. Rd1 {[%emt 0:01:01]} Bc3 {[%emt 0:00:23]} 29. Nf3 {[%emt 0:04:18]} Re7 {[%emt 0:03:33]} 30. Ng1 {[%emt 0:05:01]} h5 {[%emt 0:03:22]} 31. Ne2 {[%emt 0:01:04]} Bb4 {[%emt 0:00:15]} 32. f3 {[%emt 0:01:13]} f5 {[%emt 0:01:12]} 33. Kf2 {[%emt 0:02:50]} f4 {[%emt 0:00:40]} 34. h4 {[%emt 0:01:57]} hxg4 {[%emt 0:00:35]} 35. fxg4 {[%emt 0:00:05]} Kf6 {[%emt 0:00:52]} 36. h5 {[%emt 0:02:22]} Bh7 {[%emt 0:01:20]} 37. Nd3 {[%emt 0:01:05]} Bd6 {[%emt 0:00:36]} 38. Ne5 {[%emt 0:01:09]} c5 {[%emt 0:01:53]} 39. Nf3 {[%emt 0:00:25]} Re3 {[%emt 0:04:39]} 40. dxc5 {[%emt 0:00:00]} Bxc5 {[%emt 0:00:00]} 41. Rc1 {[%emt 0:06:02]} Rxf3+ {[%emt 0:01:06]} 0-1

[Event "IND-ch Women 2019"]
[Site "Karaikkudi"]
[Date "2019.07.21"]
[Round "4.3"]
[White "Soumya, Swaminathan"]
[Black "Jain Nityata"]
[Result "1-0"]
[WhiteElo "2402"]
[BlackElo "2135"]
[Annotator "NA"]
[PlyCount "55"]
[EventDate "2019.07.19"]
[EventType "swiss"]
[EventCountry "IND"]
[SourceTitle "playchess.com"]
[Source "ChessBase"]
[SourceQuality "1"]
[TimeControl "40/5400+30:1800+30"]

{[%evp 8,31,46,25,32767,32,42,16,25,34,47,30,46,37,56,49,72,72,89,64,32767,73,100,47,111,60]} 1. c4 {[%emt 0:00:08]} Nf6 {[%emt 0:00:19]} 2. Nf3 {[%emt 0:00:07]} g6 {[%emt 0:00:31]} 3. Nc3 {[%emt 0:00:04]} d5 {[%emt 0:00:32]} 4. cxd5 {[%emt 0:00:04]} Nxd5 {[%emt 0:00:04]} 5. Qb3 {[%emt 0:00:06]} Nb6 {[%emt 0:04:58]} 6. d4 {[%emt 0:03:33]} Bg7 {[%emt 0:02:26]} 7. Bf4 {[%emt 0:00:08]} Be6 {[%emt 0:02:16]} 8. Qa3 {[%emt 0:00:48]} Nc6 {[%emt 0:07:54]} 9. e3 {[%emt 0:02:19]} O-O {[%emt 0:01:05]} 10. Be2 {[%emt 0:03:18]} Bc4 {[%emt 0:11:20]} 11. O-O {[%emt 0:15:55]} Re8 {[%emt 0:15:37]} 12. Bxc4 {[%emt 0:08:01]} Nxc4 {[%emt 0:00:54]} 13. Qc5 {[%emt 0:00:03]} Nd6 {[%emt 0:09:52]} 14. Rfd1 {[%emt 0:18:07]} Qc8 {[%emt 0:08:44]} 15. h3 {[%emt 0:15:17]} (15. Nd5 $16) 15... Qf5 {[%emt 0:08:46]} (15... Nd8 $14) 16. d5 $14 {[%emt 0:01:04]} ({White should try} 16. Qxf5 $16 gxf5 17. Nd5) 16... Ne5 {[%emt 0:04:14]} 17. Nxe5 {[%emt 0:03:08]} Bxe5 {[%emt 0:00:57]} 18. Bxe5 {[%emt 0:00:05]} Qxe5 {[%emt 0:00:13]} 19. Qxc7 {[%emt 0:00:03]} Rac8 {[%emt 0:01:40]} 20. Qa5 {[%emt 0:00:35]} Nc4 {[%emt 0:01:59]} 21. Qb4 {[%emt 0:02:18]} e6 {[%emt 0:11:42]} 22. dxe6 {[%emt 0:06:04]} Qxe6 {[%emt 0:00:23]} 23. Qxb7 {[%emt 0:02:36]} Rb8 {[%emt 0:01:14]} 24. Qxa7 {[%emt 0:00:25]} Rxb2 {[%emt 0:00:17]} 25. Qd4 {[%emt 0:00:30]} Qf5 {[%emt 0:01:16]} 26. e4 {[%emt 0:00:11]} Qc8 {[%emt 0:02:21]} 27. Nd5 {[%emt 0:00:10]} Re6 {[%emt 0:00:37]} 28. Rac1 {[%emt 0:00:13]} 1-0

[Event "IND-ch Women 2019"]
[Site "Karaikkudi"]
[Date "2019.07.21"]
[Round "4.4"]
[White "Divya Deshmukh"]
[Black "Meenakshi Subbaraman"]
[Result "1/2-1/2"]
[WhiteElo "2373"]
[BlackElo "2163"]
[Annotator "NA"]
[PlyCount "145"]
[EventDate "2019.07.19"]
[EventType "swiss"]
[EventCountry "IND"]
[SourceTitle "playchess.com"]
[Source "ChessBase"]
[SourceQuality "1"]
[TimeControl "40/5400+30:1800+30"]

1. e4 {[%emt 0:00:00]} d5 {[%emt 0:02:43]} 2. exd5 {[%emt 0:00:00]} Qxd5 {[%emt 0:00:02]} 3. Nc3 {[%emt 0:00:00]} Qd8 {[%emt 0:00:09]} 4. Bc4 {[%emt 0:00:16]} Nf6 {[%emt 0:00:39]} 5. Nf3 {[%emt 0:00:20]} g6 {[%emt 0:01:14]} (5... a6 6. a4 Nc6 7. h3 Bf5 8. d3 h6 9. g4 Bg6 10. Bf4 e6 11. Ne5 Nxe5 12. Bxe5 Bd6 13. Qe2 Bxe5 14. Qxe5 {1-0 (44) Kamsky,G (2677)-Bartholomew,J (2477) Reykjavik 2018}) 6. Ne5 {[%emt 0:00:51] B01: Scandinavian Defence} e6 {[%emt 0:00:32]} 7. d4 {[%emt 0:00:06]} Bg7 {[%emt 0:01:36]} 8. Bg5 {[%emt 0:01:03]} h6 {[%emt 0:05:27]} 9. Be3 $146 {[%emt 0:00:22]} ({Predecessor:} 9. Bh4 Nbd7 10. Qf3 Nb6 11. Bb5+ c6 12. Nxc6 bxc6 13. Bxc6+ {0-1 (54) Golubka,P (2509)-Drazic,S (2394) Budapest 2018}) 9... Nbd7 {[%emt 0:05:13]} 10. Qe2 {[%emt 0:07:45]} c6 {[%emt 0:09:37]} 11. Bxh6 {[%emt 0:10:19]} (11. Bd3 $14) 11... Rxh6 {[%emt 0:21:55] [#]} (11... Bxh6 $15 12. Nxf7 {[%mdl 64] Double Attack} Bd2+ 13. Kxd2 Kxf7 14. Qxe6+ Kg7 15. Qf7+ Kh6) 12. Nxf7 $1 {[%emt 0:00:11] Double Attack} Qe7 {[%emt 0:00:10]} 13. Nxh6 {[%emt 0:00:49]} Bxh6 {[%emt 0:00:02]} 14. Bxe6 {[%emt 0:09:52]} Nb6 {[%emt 0:00:02]} 15. Bb3 {[%emt 0:13:03]} Nbd5 {[%emt 0:02:21]} 16. Qxe7+ {[%emt 0:04:04]} Kxe7 {[%emt 0:00:02]} 17. Ne2 {[%emt 0:03:38]} a5 {[%emt 0:00:36]} 18. a4 {[%emt 0:06:02]} Kd6 {[%emt 0:05:33]} (18... Nb4 $11) 19. Ng3 {[%emt 0:03:03]} Bd7 {[%emt 0:01:58]} 20. O-O {[%emt 0:00:15]} Rf8 {[%emt 0:03:51]} ({Black should play} 20... Kc7 $14) 21. Rae1 {[%emt 0:04:37]} Rh8 {[%emt 0:02:33]} 22. h3 {[%emt 0:05:38]} Bf4 $16 {[%emt 0:08:32]} 23. c4 {[%emt 0:04:37]} Nb4 {[%emt 0:00:19]} 24. Ne4+ {[%emt 0:00:07]} Nxe4 {[%emt 0:00:23]} 25. Rxe4 {[%emt 0:00:01]} Bg5 {[%emt 0:03:43]} 26. c5+ {[%emt 0:03:29]} Kc7 {[%emt 0:00:04]} 27. Be6 {[%emt 0:00:40]} Bf6 {[%emt 0:05:00]} 28. Bxd7 {[%emt 0:03:36]} Kxd7 {[%emt 0:00:02]} 29. Rfe1 {[%emt 0:00:07]} Nd5 {[%emt 0:02:49]} 30. Kh2 {[%emt 0:00:55]} Rb8 {[%emt 0:02:19]} 31. Rc1 {[%emt 0:06:37]} Be7 {[%emt 0:00:56]} 32. g3 {[%emt 0:06:41]} g5 {[%emt 0:01:41]} 33. Kg2 {[%emt 0:01:54]} Nf6 {[%emt 0:06:54]} 34. Re5 {[%emt 0:00:28]} Nd5 {[%emt 0:00:02]} 35. Re4 {[%emt 0:02:02]} Nf6 {[%emt 0:00:02]} 36. Re3 {[%emt 0:00:57]} Nd5 {[%emt 0:00:44]} 37. Rf3 {[%emt 0:00:20]} Bf6 {[%emt 0:01:16]} 38. Rd3 {[%emt 0:00:59]} Re8 {[%emt 0:01:30]} 39. Kf3 {[%emt 0:00:44]} Rf8 {[%emt 0:00:01]} 40. Kg2 {[%emt 0:00:00]} Re8 {[%emt 0:00:00]} 41. Rd2 {[%emt 0:07:44]} Re4 {[%emt 0:06:01]} 42. Rcd1 {[%emt 0:00:25]} Re8 {[%emt 0:00:32]} 43. Rc1 {[%emt 0:07:30]} Re4 {[%emt 0:00:36]} 44. Kf3 {[%emt 0:02:08]} Re8 {[%emt 0:07:24]} 45. Rh1 {[%emt 0:00:58]} Rf8 {[%emt 0:00:13]} 46. Kg2 {[%emt 0:00:13]} Re8 {[%emt 0:01:15]} 47. h4 {[%emt 0:02:44]} gxh4 {[%emt 0:00:02]} 48. gxh4 {[%emt 0:00:02]} Rg8+ {[%emt 0:06:50]} 49. Kf1 {[%emt 0:01:23]} Ke6 {[%emt 0:06:04]} 50. Rd3 {[%emt 0:01:17]} Nf4 {[%emt 0:00:37]} 51. Rg3 {[%emt 0:01:59]} Rh8 {[%emt 0:06:15]} 52. Rf3 {[%emt 0:05:48]} Kf5 {[%emt 0:00:13]} 53. h5 {[%emt 0:01:16]} Bxd4 {[%emt 0:02:36]} 54. h6 {[%emt 0:00:43]} Rh7 {[%emt 0:00:12]} 55. Rg3 {[%emt 0:03:08]} Bxb2 {[%emt 0:00:12]} 56. Ke1 {[%emt 0:00:24]} Bf6 {[%emt 0:01:11]} 57. Rg8 {[%emt 0:03:04]} Bg5 {[%emt 0:05:45]} 58. Rg7 {[%emt 0:01:46]} Rxh6 {[%emt 0:00:00]} 59. Rxh6 {[%emt 0:00:00]} Bxh6 {[%emt 0:00:00]} 60. Rxb7 {[%emt 0:00:00]} Nd3+ {[%emt 0:00:00]} 61. Ke2 {[%emt 0:00:47]} Nxc5 {[%emt 0:00:00]} 62. Ra7 {[%emt 0:00:01]} Nb3 {[%emt 0:00:57]} 63. Kd3 {[%emt 0:00:00]} Ke6 {[%emt 0:01:24]} 64. Kc4 {[%emt 0:01:10]} Nd2+ {[%emt 0:00:01]} 65. Kc5 {[%emt 0:00:08]} Ne4+ {[%emt 0:00:47]} 66. Kxc6 {[%emt 0:00:02]} Bd2 {[%emt 0:00:14]} 67. Ra8 {[%emt 0:01:47]} Bb4 {[%emt 0:00:40]} 68. f3 {[%emt 0:00:30]} Nc3 {[%emt 0:00:02]} 69. Ra6 {[%emt 0:00:28]} Kf5 {[%emt 0:00:11]} 70. Ra7 {[%emt 0:00:05]} Ke5 {[%emt 0:00:30]} 71. Rh7 {[%emt 0:00:26]} Nxa4 {[%emt 0:01:34]} 72. Rh5+ {[%emt 0:00:04]} Kf4 {[%emt 0:00:15]} 73. Rxa5 {[%emt 0:01:12] Ke5} 1/2-1/2